| 000 | 00418nam a2200169Ia 4500 | ||
|---|---|---|---|
| 999 |
_c27 _d27 |
||
| 003 | OSt | ||
| 005 | 20210902124238.0 | ||
| 008 | 190216s9999||||xx |||||||||||||| ||und|| | ||
| 040 | _coclc | ||
| 082 |
_a297 _bALH/D |
||
| 100 | _aNull | ||
| 245 | 0 | _aDalaylil Khairath / | |
| 260 |
_bAl Huda Book Stall, _aCalicut: |
||
| 300 | _a264p | ||
| 650 | _aArabic | ||
| 942 |
_cBK _2ddc _h297 _iALH/D _k297 _mALH/D |
||